Niektoré možnosti zvýšenia presnosti realizácie jednotky tlaku pomocou kvapalinového ortuťového tlakomera. /

Salvato in:
Dettagli Bibliografici
Autore principale: Lanák, Dušan (Autore)
Natura: Manoscritto Libro
Pubblicazione: Bratislava : SVŠT v Bratislave SjF, 1981
Tags: Aggiungi Tag
Nessun Tag, puoi essere il primo ad aggiungerne!!

MARC

LEADER 00000ntm a22000003a 4500
001 stu47745
005 20150617225711.4
008 ------s1981----cs----------------------d
040 |a STU  |b slo 
041 0
044 |a cs 
080 |a 531.787 
100 1 |a Lanák, Dušan  |4 aut 
245 1 |a Niektoré možnosti zvýšenia presnosti realizácie jednotky tlaku pomocou kvapalinového ortuťového tlakomera. /  |c [aut.] Lanák,Dušan 
260 |a Bratislava :  |b SVŠT v Bratislave SjF,  |c 1981 
300 |a 95 s 
996 |b J65281  |c J*65281-65282/DIZ.  |l JJSK  |s A  |a 24  |w stu47745_0001 
996 |b J65282  |c J*65281-65282/DIZ.  |l JJSK  |s A  |a 24  |w stu47745_0002